भारतीय शास्त्रीय संगीतः (Record no. 19132)
[ view plain ]
| 000 -LEADER | |
|---|---|
| fixed length control field | 01521nam a22003017a 4500 |
| 005 - DATE AND TIME OF LATEST TRANSACTION | |
| control field | 20081117123210.0 |
| 008 - FIXED-LENGTH DATA ELEMENTS--GENERAL INFORMATION | |
| fixed length control field | 081117t xxu||||| |||| 00| 0 hin d |
| 010 ## - LCCN (DPL NO) | |
| LC control number | HIN-85119 |
| 020 ## - INTERNATIONAL STANDARD BOOK NUMBER | |
| Terms of availability | 250.00 |
| International Standard Book Number | 9788180971150 |
| 035 ## - SYSTEM CONTROL NUMBER | |
| System control number | HN-57465 |
| 037 ## - SOURCE OF ACQUISITION | |
| Source of stock number/acquisition | DBAD / PUB |
| 040 ## - CATALOGING SOURCE | |
| Original cataloging agency | DPL |
| Language of cataloging | HN |
| 082 ## - DEWEY DECIMAL CLASSIFICATION NUMBER | |
| Classification number | 781.68 |
| 245 ## - TITLE STATEMENT | |
| Title | भारतीय शास्त्रीय संगीतः |
| Remainder of title | शास्त्र, शिक्षण व प्रयोग / |
| Statement of responsibility, etc | राजीव त्रिवेदी द्वारा संपादित |
| 246 ## - VARYING FORM OF TITLE | |
| Remainder of title | edited by Rajiv Trivedi |
| Title proper/short title | Bhaaratiya shaastriya sangita:shikshana va prayoga |
| 260 ## - PUBLICATION, DISTRIBUTION, ETC. (IMPRINT) | |
| Place of publication, distribution, etc | इलाहाबाद |
| Name of publisher, distributor, etc | साहित्य संगम |
| Date of publication, distribution, etc | 2008 |
| 270 ## - ADDRESS | |
| Address | नया 100, लूकरगंज |
| City | इलाहाबाद |
| 300 ## - PHYSICAL DESCRIPTION | |
| Extent | 127 पृ |
| Dimensions | 22सेमी (सजिल्द) |
| Other physical details | सचित्र |
| 650 ## - SUBJECT ADDED ENTRY--TOPICAL TERM | |
| Topical term or geographic name as entry element | संगीत |
| General subdivision | इतिहास एवं समालोचना |
| Geographic subdivision | भारत |
| 650 ## - SUBJECT ADDED ENTRY--TOPICAL TERM | |
| Topical term or geographic name as entry element | Music |
| General subdivision | History and criticism |
| Geographic subdivision | India |
| 650 ## - SUBJECT ADDED ENTRY--TOPICAL TERM | |
| Topical term or geographic name as entry element | राग |
| 650 ## - SUBJECT ADDED ENTRY--TOPICAL TERM | |
| Topical term or geographic name as entry element | Raga |
| 650 ## - SUBJECT ADDED ENTRY--TOPICAL TERM | |
| Topical term or geographic name as entry element | संगीत |
| General subdivision | अध्य्यन एवं अध्यापन |
| 650 ## - SUBJECT ADDED ENTRY--TOPICAL TERM | |
| Topical term or geographic name as entry element | Music |
| General subdivision | Study and teaching |
| 700 ## - ADDED ENTRY--PERSONAL NAME | |
| Personal name | त्रिवेदी, राजीव |
| 942 ## - ADDED ENTRY ELEMENTS (KOHA) | |
| Source of classification or shelving scheme | Dewey Decimal Classification |
| Item type | Hindi Books |
| Call number suffix | भारती |
| Classification part | 781.68 |
| Withdrawn status | Lost status | Source of classification or shelving scheme | Damaged status | Not for loan | Home library | Current library | Date acquired | Cost, normal purchase price | Total Checkouts | Full call number | Barcode | Date last seen | Copy number | Cost, replacement price | Koha item type |
|---|---|---|---|---|---|---|---|---|---|---|---|---|---|---|---|
| Dewey Decimal Classification | Not For Loan | D.B.Act.Division | D.B.Act.Division | 26/11/2008 | 250.00 | 781.68 भारती | HN-57465 | 26/11/2008 | 1 | 250.00 | Hindi Books |
